01006cam a22002651 4500001001300000003000400013005001700017008004100034010001700075035001900092040005300111042001200164050001800176051001700194100004400211245015000255260007100405300002000476490008200496504002800578650002100606700003200627810006400659999001700723e 43000074 DLC20260227111231.0821113s1942 nyu 000 0 eng c ae 43000074  a(OCoLC)8955509 aU. S. Off. of educ. LibrarycICarbSdICarbSdDLC apremarc00aLC5252.N7bA5 aLC5219b.W471 aWhipple, Caroline A.q(Caroline Almira)10aPractical methods in adult education /cby Caroline A. Whipple and Ruth Kotinsky, Bureau of adult education, New York state education department. a[Albany] :bThe University of the state of New York press,c[1941] a27 p. ;c23 cm.1 aUniversity of the state of New York bulletin, no. 1226 ...vDecember 15, 1941 aBibliography: p. 23-27. 0aAdult education.1 aKotinsky, Ruth,d1903-1955.2 aUniversity of the State of New York.tBulletin ;vno. 1226. c21921d21921